000 00667nam a2200289Ia 4500
005 20260324141315.0
008 008 260324s9999 xx 000 0 eng d
020 _a9781315139159
037 _aEBOOK
040 _aCRL
040 _beng
040 _cCRL
041 _2eng
041 _aeng
084 _qCRL
100 _aEdward Baum
_91207706
245 0 _aChemical Property Estimation
245 0 _bTheory and Application
260 _bTaylor and Francis
260 _c1997
365 _a
365 _b120
856 _uhttp://www.taylorfrancis.com/books/9781315139159
942 _cEBOOK
999 _c1810650
_d1810650